| LDR | | 00000cam k2200205 c 4500 |
| 001 | | 000000154339 |
| 008 | | 120114s2010 ulk 000a kor |
| 007 | | ta |
| 020 | |
▼a 9788901110837
▼g 04800:
▼c \10000 |
| 020 | |
▼a 9788901082042(세트) |
| 040 | |
▼a 248032
▼c 248032
▼d 248032 |
| 041 | 1 |
▼a kor
▼h fre |
| 049 | 1 |
▼l EM00077716 |
| 056 | |
▼a 340.1
▼2 4 |
| 090 | |
▼a 340.1
▼b 루55사 |
| 100 | 1 |
▼a 루소, 장 자크 |
| 245 | 10 |
▼a 사회계약론 :
▼x Contrat social /
▼d 장 자크 루소 지음,
▼e 김중현 옮김.. |
| 250 | |
▼a 초판. |
| 260 | |
▼a 서울 :
▼b 펭귄클래식코리아,
▼c 2010. |
| 300 | |
▼a 210 p ;
▼c 21 cm. |
| 440 | 00 |
▼a 펭귄클래식 =
▼x Penguin classics ;
▼v 86 |
| 507 | 10 |
▼a Rousseau, Jean-Jacques |
| 507 | 10 |
▼t Contrat social |
| 653 | |
▼a 사회계약론
▼a 소설
▼a 펭귄클래식
▼a 소설문고일반 |
| 700 | 1 |
▼a 김중현 |
| 900 | 11 |
▼a Rousseau, Jean-Jacques |
| 950 | 0 |
▼b \10000 |
| 990 | |
▼b 관리자2 |
| 005 | | 20120524213115 |